Geography : (Record no. 12478)

000 -LEADER
fixed length control field 01091nam a2200325Ma 4500
020 ## - INTERNATIONAL STANDARD BOOK NUMBER
ISBN 0078249406 (v. 1 : student ed., grade 6)
020 ## - INTERNATIONAL STANDARD BOOK NUMBER
ISBN 9780078249402 (v. 1 : student ed., grade 6)
020 ## - INTERNATIONAL STANDARD BOOK NUMBER
ISBN 0078249414 (v. 2 : student ed., grade 7)
020 ## - INTERNATIONAL STANDARD BOOK NUMBER
ISBN 9780078249419 (v. 2 : student ed., grade 7)
020 ## - INTERNATIONAL STANDARD BOOK NUMBER
ISBN 0078215404 (student ed., grade 67)
020 ## - INTERNATIONAL STANDARD BOOK NUMBER
ISBN 9780078215407 (student ed., grade 67)
020 ## - INTERNATIONAL STANDARD BOOK NUMBER
ISBN 0078246946 (teacher wraparound ed.)
020 ## - INTERNATIONAL STANDARD BOOK NUMBER
ISBN 9780078246944 (teacher wraparound ed.)
040 ## - CATALOGING SOURCE
Transcribing agency X2Q
082 ## - DEWEY DECIMAL CLASSIFICATION NUMBER
Classification number 910 GLE 2002 A100 Or.
110 2# - MAIN ENTRY--CORPORATE NAME
Corporate name or jurisdiction name as entry element National Geographic Society (U.S.)
245 10 - TITLE STATEMENT
Title Geography :
Remainder of title the world and its people /
246 34 - VARYING FORM OF TITLE
Title proper/short title Glencoe geography
246 30 - VARYING FORM OF TITLE
Title proper/short title World and its people
260 ## - PUBLICATION, DISTRIBUTION, ETC. (IMPRINT)
Place of publication New York, NY :
Name of publisher Glencoe/McGraw-Hill,
Year of publication 2002
300 ## - PHYSICAL DESCRIPTION
Number of Pages 2 v. :
Other physical details col. ill., col. maps ;
Dimensions 29 cm
500 ## - GENERAL NOTE
General note Includes index
650 #0 - SUBJECT ADDED ENTRY--TOPICAL TERM
Topical Term Geography
650 #0 - SUBJECT ADDED ENTRY--TOPICAL TERM
Topical Term Geography
700 1# - ADDED ENTRY--PERSONAL NAME
Personal name Boehm, Richard G
700 1# - ADDED ENTRY--PERSONAL NAME
Personal name Armstrong, David G
700 1# - ADDED ENTRY--PERSONAL NAME
Personal name Hunkins, Francis P
710 2# - ADDED ENTRY--CORPORATE NAME
Corporate name or jurisdiction name as entry element Glencoe/McGraw-Hill
942 ## - ADDED ENTRY ELEMENTS (KOHA)
Koha item type សៀវភៅភាសាអង់គ្លេស
952 ## - LOCATION AND ITEM INFORMATION (KOHA)
Withdrawn status [LOCAL, KOHA] 0
Holdings
Permanent Location Date acquired Koha item type Lost status Shelving location Barcode Current Location Full call number
Library Block A2017-08-14សៀវភៅភាសាអង់គ្លេស A100A17188Library Block A910 GLE 2002 A100 Or.
មជ្ឈមណ្ឌលឯការនៃសាកលវិទ្យាល័យភូមិន្ទកសិកម្មចំការដូង

Powered by Koha